| 000 | 00883nam a2200289 4500 | ||
|---|---|---|---|
| 003 | EG-GICUC | ||
| 005 | 20260510183737.0 | ||
| 008 | 260402s1923 fr ||||fr|||| 00| 0 fre d | ||
| 040 |
_aEG-GiCUC _bfre _cEG-GiCUC _dEG-GiCUC _eRda |
||
| 041 | 0 | _afre | |
| 082 | 0 | 4 |
_221 _a341.81 _bJO . P |
| 092 | 0 | 4 | _221 |
| 099 | _aLaw1 11 341.81 JO . P 1923 | ||
| 100 | 1 |
_aJohannet, René _eAuteur |
|
| 245 | 1 | 3 |
_aLe principe des nationalités / _cRené Johannet. |
| 264 | 1 |
_aParis : _bLibrairie Nationale, _c1923. |
|
| 300 |
_a454 page ; _c 24 cm. |
||
| 336 |
_2rda contenu _a texte |
||
| 337 |
_2rda medias _aOrdinateur |
||
| 338 |
_2 transporteur rda _a Ressource en ligne |
||
| 546 | _aTexte en français | ||
| 650 | 1 | 4 | _aDroit international privé |
| 650 | 1 | 4 | _aNationalité |
| 856 | 4 | 0 | _uhttps://fll.law.cu.edu.eg/fulltext/bks/B12-02200.pdf |
| 905 | _a30 | ||
| 942 |
_2ddc _cBK _e21 _n0 |
||
| 999 |
_c68407 _d68407 |
||